000 00618nam a2200181Ia 4500
008 151018s9999 xx 000 0 und d
082 _bRBASDV42472
_a891.461
100 _aरमेश दिविक
245 _aखंड खंड अग्नी
250 _b1
260 _bसरस्वती पब्लिशिंग कंपनी कोल्हापूर
_c2003
300 _a111
600 _aरमेश दिविक
630 _aखंड खंड अग्नी
700 _aरमेश दिविक
730 _aखंड खंड अग्नी
942 _cBOOK
999 _c1041698
_d1041695